Land conservation and development : examples of land-use planning project and programs

Bibliographic Details
Other Authors: Lier, H. N., Steiner, F. R.
Format: Book
Published: Amsterdam : Elsevier , c1984
Series:Development in land-scape management and urban planning c6
Subjects:

MARC

LEADER 00000cam a2200000 7i4500
001 0000002167
005 20050505.0
020 |a 0444422536 
040 |a INS 
090 0 0 |a MD108.6.135 1984 
245 1 0 |a Land conservation and development :   |b examples of land-use planning project and programs   |c edited by F. R. Steiner 
260 |a Amsterdam :   |b Elsevier ,   |c c1984 
300 |a x, 481p. :   |b ill ;   |c 25 cm. 
440 0 |a Development in land-scape management and urban planning c6 
650 0 0 |a Land use   |x planning   |x case studies   |a Nature conservation   |x case studies   |a Soil conservation   |x case studies 
700 1 |a Lier, H. N. 
700 1 |a Steiner, F. R. 
999 |a 0000000657   |b BOOK   |c Open Shelf   |e Default branch